Dogmaticas de transiçao, evoluçao dos sistemas e desafios ao ensino do Direito (Registro nro. 21693)

Detalles MARC
000 -LEADER
fixed length control field 00366 a2200109 4500
001 - CONTROL NUMBER
control field ART_41774
005 - DATE AND TIME OF LATEST TRANSACTION
control field 20260410161814.0
008 - FIXED-LENGTH DATA ELEMENTS--GENERAL INFORMATION
fixed length control field 260409a
100 1# - MAIN ENTRY--PERSONAL NAME
Personal name Costa Gonçalves, Diogo
245 10 - TITLE STATEMENT
Title Dogmaticas de transiçao, evoluçao dos sistemas e desafios ao ensino do Direito
773 0# - HOST ITEM ENTRY
Title Academia
Related parts - Año 14, Nº 27 (ene./jun. 2016)
Record control number REV4314

No hay ítems disponibles.